| 000 | 00803nam a2200289 a 4500 | ||
|---|---|---|---|
| 001 | 37925 | ||
| 003 | AR-BaAGN | ||
| 005 | 20241230113406.0 | ||
| 007 | ta | ||
| 008 | 220625s2009 ag |||||r|||| ||||||spa d | ||
| 020 | _a9789500204866 | ||
| 040 |
_dAR-BaAGN _aAR-BaAGN _bspa _eaacr |
||
| 100 | 1 |
_aTitto, Ricardo de, _d1955- _96865 |
|
| 245 | 1 | 3 | _aEl pensamiento de Bartolomé Mitre y los liberales |
| 250 | _a1ª ed. | ||
| 260 |
_aBuenos Aires : _bEl Ateneo, _c2009. |
||
| 300 | _a320 páginas | ||
| 336 |
_2rdacontent _btxt |
||
| 337 |
_2rdamedia _bn |
||
| 338 |
_2rdacarrier _bnc |
||
| 600 | 1 | 4 |
_aMitre, Bartolomé, _d1821-1906 _94481 |
| 650 |
_aLITERATURA ARGENTINA _92273 |
||
| 650 | 4 |
_aHISTORIA POLÍTICA ARGENTINA _91052 |
|
| 650 | 4 |
_aLIBERALISMO _92541 |
|
| 942 | _cLIBRO | ||
| 999 |
_c37925 _d37925 |
||